Česko-francouzský slovník terminologický a fraseologický pro chemii, fysiku a vědy příbuzné = Dictionnaire tcheque-français des termes et locutions concernant la chimie, la physique et les sciences connexes

Saved in:
Bibliographic Details
Main Author Votoček, Emil, 1872-1950 (Author)
Corporate Author Česká akademie císaře Františka Josefa pro vědy, slovesnost a umění
Other Authors Tibal, André, 1882-1955 (wfw)
Format Book
LanguageCzech
French
Published V Praze : Československá chemická společnost pro vědu a průmysl : Jednota československých mathematiků a fysiků, 1924
Subjects
Physical Descriptionxx, 533 s. : il. ; 25 cm

Cover

LEADER 00000cam a2200000 a 4500
001 58950
003 CZ-ZlUTB
005 20260410161959.0
007 ta
008 000527s1924 xr a e d 000 0 cze
015 |a cnb000638115 
040 |a ABA001  |b cze  |c ULG001  |d ABA001  |d ZLD002 
041 0 |a cze  |a fre 
072 7 |a 54  |x Chemie. Mineralogické vědy  |2 Konspekt  |9 10 
072 7 |a 81  |x Lingvistika. Jazyky  |2 Konspekt  |9 11 
080 |a 54  |2 MRF 
080 |a 53  |2 MRF 
080 |a 811.162.3  |2 MRF 
080 |a 811.133.1  |2 MRF 
080 |a 81’373.46  |2 MRF 
080 |a (038)81  |2 MRF 
100 1 |a Votoček, Emil,  |d 1872-1950  |7 jk01150807  |4 aut 
245 1 0 |a Česko-francouzský slovník terminologický a fraseologický pro chemii, fysiku a vědy příbuzné =  |b Dictionnaire tcheque-français des termes et locutions concernant la chimie, la physique et les sciences connexes /  |c napsal Emil Votoček ; s předmluvou A. Tibala 
246 3 1 |a Dictionnaire tcheque-français des termes et locutions concernant la chimie, la physique et les sciences connexes 
260 |a V Praze :  |b Československá chemická společnost pro vědu a průmysl :  |b Jednota československých mathematiků a fysiků,  |c 1924 
300 |a xx, 533 s. :  |b il. ;  |c 25 cm 
500 |a Rozložený titulní list 
546 |a Souběžný český a francouzský text 
550 |a Vydáno s podporou České akademie pro vědy, slovesnost a umění 
650 0 7 |a chemie  |7 ph114237  |2 czenas 
650 0 7 |a fyzika  |7 ph114601  |2 czenas 
650 0 7 |a čeština  |7 ph135292  |2 czenas 
650 0 7 |a francouzština  |7 ph135297  |2 czenas 
650 0 7 |a oborová terminologie  |7 ph138998  |2 czenas 
650 0 9 |a chemistry  |2 eczenas 
650 0 9 |a physics  |2 eczenas 
650 0 9 |a Czech language  |2 eczenas 
650 0 9 |a French language  |2 eczenas 
650 0 9 |a terminology (professional)  |2 eczenas 
655 7 |a dvojjazyčné překladové slovníky  |7 fd208746  |2 czenas 
655 7 |a terminologické slovníky  |7 fd202538  |2 czenas 
655 9 |a bilingual translation dictionaries  |2 eczenas 
655 9 |a terminological dictionaries  |2 eczenas 
700 1 |a Tibal, André,  |d 1882-1955  |7 skuk0001383  |4 wfw 
710 2 |a Česká akademie císaře Františka Josefa pro vědy, slovesnost a umění  |7 kn20021024003 
910 |a ZLD002 
942 |2 udc 
952 |0 0  |1 0  |4 0  |6 5403VOTOČEKE  |7 0  |8 BOOK  |9 108081  |a UTBZL  |b UTBZL  |c 030  |d 2011-02-12  |i 49922  |l 0  |o 54(03)/VOTOČEK,E.  |p 420010134991  |r 2019-08-26 00:00:00  |w 2019-08-26  |x N: převod SPUR; | 20100930  |y 05 
952 |0 0  |1 0  |4 0  |6 5403VOTOČEKE  |7 0  |8 BOOK  |9 108082  |a UTBZL  |b UTBZL  |c 030  |d 2012-05-22  |l 0  |o 54(03)/VOTOČEK,E.  |p 420010144356  |r 2019-08-26 00:00:00  |w 2019-08-26  |x N:převod Svit; | 20100831  |y 05 
990 |a SPUR 
992 |a BK  |b SK  |c SPUR 
999 |c 58950  |d 58950